00977nam a2200181 a 450000100100000000500170001000800410002704000240006808200110009224501410010326000750024430000200031950501950033959000260053495201090056095201090066999900170077800004773020201002060713.0180724s2015 dr 000 0 spa d aDO-SdBNPbspacNPHU axxbxx04aLas mujeres dominicanas ante la Cumbre Mundial de la Sociedad de la Información :b(CMSI+10), eLAC 2018 y la agenda digital 2016-2020. aSanto Domingo :bComisión Nacional Dominicana para la UNESCO,c2015. a11 p. ;c22 cm.0 aCumbre mundial sobre la sociedad de la información CMSI+10 (WSIS+10) --tAgenda digital de América Latina y el Caribe (eLAC 18) --tAgenda digital de la República Dominicana 2016-2020. aInventariado, 2018/VM 0010718PDaPDbPDcHDd2018-07-24iLF1l0oxx xxp47730-10r2020-06-25w2020-06-25yLFPDZNo se presta 0010718PDaPDbPDcHDd2018-07-24iLF1l0oxx xxp47730-20r2020-06-25w2020-06-25yLFPDZNo se presta c47218d47218